Normal view MARC view
  • War stories.

Entry Genre/Form Term

Number of records used in: 5

001 - CONTROL NUMBER

  • control field: 8260

003 - CONTROL NUMBER IDENTIFIER

  • control field: NUST

005 - DATE AND TIME OF LATEST TRANSACTION

  • control field: 20180111102849.0

008 - FIXED-LENGTH DATA ELEMENTS

  • fixed length control field: 180111|| aca||aabn | a|a d

040 ## - CATALOGING SOURCE

  • Original cataloging agency: NUST
  • Transcribing agency: NUST

155 ## - HEADING--GENRE/FORM TERM

  • Genre/form term: War stories.

670 ## - SOURCE DATA FOUND

  • Source citation: Work cat.: (NUST)0: Griffin, W. E. B. 8257, Death and honor /, 2008.
© 2023 Central Library, National University of Sciences and Technology. All Rights Reserved.